| 000 | 01162nas a2200385 4500 | ||
|---|---|---|---|
| 001 | BR0402536 | ||
| 003 | BR-BrBNA | ||
| 005 | 20231205104600.0 | ||
| 007 | ta | ||
| 008 | 230509b bl.|||p| |||| 00| 00por d | ||
| 040 |
_aBR-BrBNA _bpor _cBiblioteca Nacional de Agricultura |
||
| 041 | _a(Pt) | ||
| 072 | _aH50; F60 | ||
| 100 | 1 | _aCruz, J.L. | |
| 100 | 1 | _aPelacani, C.R. | |
| 100 | 1 | _aSoares Filho, W. dos S. | |
| 100 | 1 | _aCastro Neto, M.T. de | |
| 100 | 1 | _aCoelho, E.F. | |
| 100 | 1 | _aDias, A.T. | |
| 100 | 1 | _aPaes, R.A. | |
| 245 | 1 | _aProdução e partição de matéria seca e abertura estomática do limoeiro 'Cravo' submetido a estresse salino | |
| 650 | _aLIMÃO | ||
| 650 | _aSTRESS | ||
| 650 | _aSALINIDADE | ||
| 650 | _aTRANSPIRAÇÃO VEGETAL | ||
| 650 | _aFISIOLOGIA VEGETAL | ||
| 650 | _aPORTA ENXERTO | ||
| 650 | _aQUALIDADE DA ÁGUA | ||
| 650 | _aÁGUA DE IRRIGAÇÃO | ||
| 650 | _aPRODUÇÃO VEGETAL | ||
| 650 | _aMATÉRIA SECA | ||
| 773 | 0 |
_tRevista Brasileira de Fruticultura (Brazil) _xISSN 0100-2945 _g(Dec 2003), v. 25(3) p. 528-531 _wBR0402536 |
|
| 909 |
_a202311 _bLúcia _c55 _dLúcia Elande |
||
| 942 |
_2AGRIS _n0 _cANA |
||
| 999 |
_c178825 _d178825 |
||